Normal view
MARC view
- Hassan, Masud Ul
Entry Personal Name
001 - CONTROL NUMBER
- control field: 111672
003 - CONTROL NUMBER IDENTIFIER
- control field: NUST
005 - DATE AND TIME OF LATEST TRANSACTION
- control field: 20230403110704.0
008 - FIXED-LENGTH DATA ELEMENTS
- fixed length control field: 230403|| aca||aabn | a|a d
040 ## - CATALOGING SOURCE
- Original cataloging agency: NUST
- Transcribing agency: NUST
100 ## - HEADING--PERSONAL NAME
- Personal name: Hassan, Masud Ul
670 ## - SOURCE DATA FOUND
- Source citation: Work cat.: (NUST)186973: Hassan, Masud Ul , Stories and Biographies from Iqbal /, 1998
